000 00736nam a22001817a 4500
999 _c371287
_d371287
008 201127b ||||| |||| 00| 0 eng d
040 _aDE-2950
_bger
_cDE-2950
_erda
041 _ager
245 _aSie sang, steppte, schrie, gestikulierte.
_bNachruf: "Oderhähne"-Mitbegründerin und Kabarett-Unikum Ingrid Krusche im Alter von 83 Jahren gestorben /
_cJörg Kotterba
264 _c2021
653 _aKrusche, Ingrid ; Kabarettistin 1939 - 15.12.2021
653 _aKabarett "Die Oderhähne"
773 _dFrankfurt (Oder) Märkisches Verlags- und Druckhaus GmbH & Co KG
_tMärkische Oderzeitung
_g32. Jahrgang (2021) Nr. 302vom 27.12.2021, S. 7
942 _cA